00226nam a2200085Ia 4500008004100000100002900041245003100070260003000101300000900131190216s9999||||xx |||||||||||||| ||und|| a"Cooper Www, Yuji Lgiri" 0aDictionary For Accountancy bPrentice Hall Indiac1984 a545p